Giọng điệu trong thơ trữ tình : Qua một số nhà thơ tiêu biểu của phong trào thơ mới
Shranjeno v:
| Glavni avtor: | |
|---|---|
| Format: | Knjiga |
| Jezik: | Undetermined |
| Izdano: |
Hà Nội
Văn học
2002
|
| Teme: | |
| Oznake: |
Označite
Brez oznak, prvi označite!
|
| Thư viện lưu trữ: | Trung tâm Học liệu Trường Đại học Cần Thơ |
|---|
| LEADER | 00627nam a2200193Ia 4500 | ||
|---|---|---|---|
| 001 | CTU_93160 | ||
| 008 | 210402s9999 xx 000 0 und d | ||
| 082 | |a 895.922133 | ||
| 082 | |b Đ307 | ||
| 100 | |a Nguyễn, Đăng Điệp | ||
| 245 | 0 | |a Giọng điệu trong thơ trữ tình : | |
| 245 | 0 | |b Qua một số nhà thơ tiêu biểu của phong trào thơ mới | |
| 245 | 0 | |c Nguyễn Đăng Điệp | |
| 260 | |a Hà Nội | ||
| 260 | |b Văn học | ||
| 260 | |c 2002 | ||
| 650 | |a Vietnamese poetry | ||
| 904 | |i Vương,Hải | ||
| 980 | |a Trung tâm Học liệu Trường Đại học Cần Thơ | ||